Processamento digital de imagens /
Guardado en:
| Autor Principal: | |
|---|---|
| Autor Corporativo: | |
| Otros Autores: | |
| Formato: | Libro |
| Idioma: | Portuguese |
| Publicado: |
Buenos Aires :
Kapelusz,
[1988]
|
| Edición: | 2a. ed. |
| Etiquetas: |
Agregar Etiqueta
Sin Etiquetas, Sea el primero en etiquetar este registro!
|
| LEADER | 01094nam a22002415a 4500 | ||
|---|---|---|---|
| 001 | MAT.inmabb004867 | ||
| 008 | 080723s1988####ag#a#####b####000#0#por#d | ||
| 005 | 20160608173010.0 | ||
| 245 | 1 | 0 | |a Processamento digital de imagens / |c Nelson D. A. Mascarenhas, Flávio R. D. Velasco. |
| 250 | |a 2a. ed. | ||
| 260 | |a Buenos Aires : |b Kapelusz, |c [1988] | ||
| 300 | |a 1 v. (varias paginaciones) : |b il. ; |c 23 cm. | ||
| 500 | |a "Ministério da Ciência e Tecnologia - MCT, Instituto de Pesquisas Espaciais - INPE". | ||
| 500 | |a "IV Escola Brasileiro-Argentina de Informática, Universidad Católica de Santiago del Estero, Termas de Río Hondo, Argentina, Janeiro de 1989". | ||
| 500 | |a En la cubierta: "Edição preliminar". | ||
| 504 | |a Incluye referencias bibliográficas. | ||
| 020 | |a 9501398722 | ||
| 100 | 1 | |a Mascarenhas, Nelson D. A. | |
| 700 | 1 | |a Velasco, Flávio R. D. | |
| 711 | 2 | |a Escola Brasileiro-Argentina de Informática |n (4ª : |d 1989 : |c Termas de Río Hondo) | |
| 084 | |a 68U10 |2 msc2000 | ||
| 859 | |h 68 |i M395-2 |p A-6209 |b BIB. MATEMATICA | ||
| 859 | |h 68 |i M395-2 |p A-6210 |t Ej. 2 |b BIB. MATEMATICA | ||
